Wady snu : trzydzieści mrugnięć Oka /

Hlavní autor: Denemarková, Radka, 1968-
Další autoři: Czernikow, Olga
Jazyk: Polština
Vydáno: Wrocław : Książkowe Klimaty, 2019
Edice: Czeskie Klimaty
Témata:
Fyzický popis: 240 stran ; 20 cm
Knihy
Uloženo v:
LEADER 01246nam a2200361 i 4500
001 001755095
003 CZ BrMZK
005 20200819112147.0
007 ta
008 200622s2019 pl g 000 d pol
020 |a 978-83-65595-27-0  |q (brožováno) 
040 |a BOA001  |b cze  |e rda 
041 1 |a pol  |h cze 
072 7 |a 821.162.3-2  |x České drama  |2 Konspekt  |9 25 
080 |a 821.162.3-2  |2 MRF 
080 |a (0:82-2)  |2 MRF 
100 1 |a Denemarková, Radka,  |d 1968-  |7 xx0002871  |4 aut 
240 1 0 |a Spací vady.  |l Polsky  |7 aun20201079943 
245 1 0 |a Wady snu :  |b trzydzieści mrugnięć Oka /  |c Radka Denemarková ; z języka czeskiego przełożyła Olga Czernikow 
246 3 0 |a Trzydzieści mrugnięć Oka 
264 1 |a Wrocław :  |b Książkowe Klimaty,  |c 2019 
300 |a 240 stran ;  |c 20 cm 
336 |a text  |b txt  |2 rdacontent 
337 |a bez média  |b n  |2 rdamedia 
338 |a svazek  |b nc  |2 rdacarrier 
490 1 |a Czeskie Klimaty 
655 7 |a česká dramata  |7 fd133957  |2 czenas 
700 1 |a Czernikow, Olga  |7 jo2014807103  |4 trl 
830 0 |a Czeskie Klimaty 
910 |a BOA001  |b 1-1449.474 
990 |a BK 
991 |b 202008  |c NOV 
996 7 |b 2610829185  |c 1-1449.474  |l MZK  |r Sklad / do 1 hodiny  |n 0  |p dar  |w 001811086  |u 000010  |a 1  |e BOA001  |j MZK50  |s A